• 首页
  • 本馆介绍
  • 公告通知
  • 最新文献
  • 馆藏检索
  • 电子资源
  • 读者导购
  • 参考咨询
  • 我的图书馆
  • 登录
  • 详细信息显示
  • 放入我的书架
  • 预约/预借图书
  • 作者相关作品
  • 分类相关作品
  • 丛书相关作品
  • 出版社相关作品

书目信息

  • 表格格式
  • 工作单格式
  • 卡片格式
题名:
镀镍工艺基础
    
 
作者: 陈天玉 主编
分册:  
出版信息: 北京   化学工业出版社  2006
页数: 279页
开本: 21cm
丛书名: 镀镍技术丛书
单 册:
中图分类: TQ153.1
科图分类:
主题词: 镀镍--工艺--基本知识 , 镀镍
电子资源:
ISBN: 978-7-5025-9254-7
000 00866oam2 2200265 45
001 1050854547
005 20100420095818.60
010    @a978-7-5025-9254-7@dCNY20.00
100    @a20100409e20072006em y0chiy0110 ea
101 0  @achi
102    @aCN@b110000
105    @aa z 000yy
106    @ar
200 1  @a镀镍工艺基础@ADu Nie Gong Yi Ji Chu@f陈天玉编著@FChen Tian Yu Bian Zhu
210    @a北京@c化学工业出版社@d2006@h2007
215    @a279页@c图@d21cm
225 2  @a镀镍技术丛书
330    @a本书简单介绍了电镀镍的来历、原理,对普通镀镍、光亮镀镍、镀黑镍、镀枪黑色镍、镍封、镀缎面镍、镀高应力及各种镍盐镀镍的工艺进行了详细介绍。
461  0 @12001 @a镀镍技术丛书
606 0  @a镀镍@x工艺@x基本知识
606 0  @a镀镍
690    @aTQ153.1@v4
701  0 @a陈天玉@AChen Tian Yu@4主编
801  0 @aCN@bTANGWEI@c20100420
905    @b0591122-26@dTQ153.1@e22@f5
    
    镀镍工艺基础/陈天玉编著.-北京:化学工业出版社,2006(2007)
    279页:图;21cm.-(镀镍技术丛书)
    
    
    ISBN 978-7-5025-9254-7:CNY20.00
    本书简单介绍了电镀镍的来历、原理,对普通镀镍、光亮镀镍、镀黑镍、镀枪黑色镍、镍封、镀缎面镍、镀高应力及各种镍盐镀镍的工艺进行了详细介绍。
●
相关链接 在E读中查询图书 在五车中查询图书 在当当中查询图书 在豆瓣中查询图书


正题名:镀镍工艺基础     索取号:TQ153.1/22         预约/预借

序号 登录号 条形码 馆藏地/架位号 状态 备注
1 0591122   205911227   第二样本阅览室/ [索取号:TQ153.1/22] 在馆    
2 0591123   205911236   密集书库-化学系/ [索取号:TQ153.1/22] 在馆    
3 0591124   205911245   第三借阅区/ [索取号:TQ153.1/22] 在馆    
4 0591125   205911254   第三借阅区/ [索取号:TQ153.1/22] 在馆    
5 0591126   205911263   第三借阅区/ [索取号:TQ153.1/22] 在馆    
唐山师范学院图书馆 欢迎您!
大连网信软件有限公司© 版权所有